Music Quiz

Random Music or Clip Quiz

50 Song Music Clip Quiz Stats

 Plays Quiz Updated Aug 11, 2016

Challenge
Share
Tweet
Score 0/50 Timer 15:00
11 Plays Today
Time Song Title % Correct
0:00We Are The Champions
94.3%
2:10Umbrella
83%
0:10Timber
76.8%
2:45Wonderwall
76.8%
3:10Hungry Like The Wolf
73.8%
1:36Mr Brightside
72.9%
2:52Boulevard Of Broken Dreams
68.7%
1:54Venus
62.2%
5:19It Wasn't Me
60.4%
6:57Flashdance...What A Feeling
60.2%
0:26My Humps
59.3%
0:16Let's Dance
54.3%
6:41Cry Me A River
52.9%
0:34Bad Moon Rising
52.6%
2:18Love Is A Battlefield
52.3%
3:35We Can't Stop
51.2%
3:43Nothing Compares 2 U
51%
1:00I Heard It Through The Grapevine
48.1%
4:28Rebel Yell
45.4%
3:51I Think We're Alone Now
45.3%
6:33Fields Of Gold
37.9%
5:46Safe And Sound
36.9%
3:19Return To Sender
33.2%
1:08Black And Gold
32.3%
4:37I Can't Dance
29.5%
Time Song Title % Correct
4:18Then He Kissed Me
28.5%
0:49The Hampsterdance Song
26.2%
1:46Don't Get Me Wrong
26%
4:08Dream A Little Dream
24.5%
3:01Mercedes Benz
24.2%
6:06The Warrior
22.1%
2:01Last Train To Clarksville
21.8%
3:59Sad Songs (Say So Much)
20.9%
1:18Minnie The Moocher
18.2%
5:54All The Young Dudes
17.4%
2:38Is She Really Going Out With Him?
16.7%
0:41Crash
13.6%
5:27Into The Night
11.9%
5:02Born To Be Alive
9.6%
6:23Sunshine Superman
8.5%
6:14Notion
6.5%
4:44Tripping
5.9%
5:37Shotgun
5.9%
1:27Roses Are Red
4.7%
2:28The Motown Song
4%
4:52The Sidewalks Of New York
2.7%
6:48Reckless (Don't Be So)
2.4%
3:26Levi Stubbs' Tears
1.4%
7:08There But For Fortune
1.4%
5:09It's Going To Happen!
0.9%

You're not logged in!

Compare scores with friends on all Sporcle quizzes.
Join for Free
OR
Log In

You Might Also Like...

Show Comments

Extras

Top Quizzes Today


Score Distribution

Your Account Isn't Verified!

In order to create a playlist on Sporcle, you need to verify the email address you used during registration. Go to your Sporcle Settings to finish the process.

Report this User

Report this user for behavior that violates our Community Guidelines.

Details: